Les 88 personnages les plus cités de The Vampire Diaries - Statistiques

Statistiques générales
  • Ce quiz a été pris 52 fois
  • Le résultat moyen est 37 sur 88
Statistiques - réponses
Personnages % Correct
5 Bonnie Bennett
100%
44 Carol Lockwood
100%
3 Damon Salvatore
100%
1 Elena Gilbert
100%
2 Stefan Salvatore
100%
9 Alaric Saltzman
94%
6 Jeremy Gibert
94%
11 Klaus Mikaelson
94%
8 Tyler Lockwood
94%
4 Caroline Forbes
91%
10 Katherine Pierce
91%
14 Jenna Sommers
89%
7 Matt Donovan
89%
13 Rebekah Mikaelson
86%
12 Elijah Mikaelson
83%
39 Jo Laughlin
83%
20 Liz Forbes
74%
35 Silas
71%
19 Enzo St. John
69%
41 Kai Parker
69%
24 Kol Mikaelson
66%
18 Vicki Donovan
63%
28 Finn Mikaelson
60%
22 John Gilbert
60%
15 Lexi Branson
60%
16 Isobel Flemming
57%
29 Anna
54%
42 Liv Parker
54%
23 Rose
49%
37 Amara
46%
53 Mary Louise
46%
54 Beau
43%
43 Luke Parker
43%
52 Nora Hildegard
43%
60 Cade
40%
26 Hayley Marshall
40%
34 Julia / Jules
37%
49 Lily Salvatore
37%
51 Valerie Tulle
37%
72 Elizabeth Saltzman
34%
31 Esther Mikaelson
34%
71 Josette Saltzman
34%
38 Pearl
34%
86 Ray Sutton
34%
59 Seline
34%
58 Sybil
34%
68 Tom Avery
34%
77 Emily Bennett
31%
56 Julian
31%
30 Mikael
31%
57 Rayna Cruz
31%
48 Sarah Salvatore
31%
63 Abby Bennett Wilson
29%
27 April Young
29%
67 Logan Fell
29%
21 Shane
29%
65 Shane
29%
32 Bill Forbes
26%
17 Mason Lockwood
26%
55 Oscar
23%
36 Qetsiyah
23%
83 Marcel
20%
87 Miranda Gilbert
20%
74 Ben McKittrick
17%
88 Grayson Gilbert
17%
82 Luka Martin
17%
25 Trevor
17%
46 Aaron Whitmore
14%
64 Connor Jordan
14%
81 Greta Martin
14%
40 Markos
14%
33 Nadia Petrova
14%
45 Richard Lockwood
14%
50 Giuseppe Salvatore
11%
69 Sage
11%
73 Andie Star
9%
70 Gloria
9%
80 Jonas Martin
9%
62 Lucy Bennett
9%
84 Tripp Cooke
9%
47 Wes Maxfield
9%
79 Jesse
6%
78 Megan King
6%
61 Monique Deveraux
6%
76 Harper
3%
66 Meredith Fell
3%
75 Noah
3%
85 Alexender
0%
Aucun quiz correspondant
Distribution des résultats
% des personnes avec chaque résultat
Percentile par nombre de réponses
Votre historique - résultats
Vous n’avez pas pris ce quiz